Antiguos tratados de paces y alianzas entre algunos reyes de Aragón y diferentes príncipes infieles de Asia y África, desde el siglo XIII hasta el XV / (Record no. 183963)
[ view plain ]
| 000 -LEADER | |
|---|---|
| campo de control de longitud fija | 01130nam a2200241 i 4500 |
| 001 - NÚMERO DE CONTROL | |
| campo de control | 183963 |
| 003 - IDENTIFICADOR DE NÚMERO DE CONTROL | |
| campo de control | ES-MaACL |
| 005 - FECHA Y HORA DE LA ÚLTIMA TRANSACCIÓN | |
| campo de control | 20251009165701.0 |
| 008 - DATOS DE LONGITUD FIJA--INFORMACIÓN GENERAL | |
| campo de control de longitud fija | 150116r19741786sp h |||| | spa d |
| 020 ## - NÚMERO INTERNACIONAL ESTÁNDAR DEL LIBRO | |
| Número Internacional Estándar del Libro | 341.382(946.52)"12/14"(093.2) |
| 245 00 - MENCIÓN DEL TÍTULO | |
| Título | Antiguos tratados de paces y alianzas entre algunos reyes de Aragón y diferentes príncipes infieles de Asia y África, desde el siglo XIII hasta el XV / |
| Mención de responsabilidad, etc. | copiados... por D. Antonio de Capmany, y de Montpalau, vertidos... al castellano y exôrnados con varias notas... ; índices por José Hinojosa Montalvo. |
| 246 34 - FORMA VARIANTE DEL TITULO | |
| Título propio/Titulo breve | Antiguos tratados de paces y alianzas |
| 260 ## - PUBLICACIÓN, DISTRIBUCIÓN, ETC. | |
| Lugar de publicación, distribución, etc. | Valencia : |
| Nombre del editor, distribuidor, etc. | Anubar, |
| Fecha de publicación, distribución, etc. | 1974. |
| 300 ## - DESCRIPCIÓN FÍSICA | |
| Extensión | XVI p., 137 p. ; |
| Dimensiones | 22 cm. |
| 490 1# - MENCIÓN DE SERIE | |
| Mención de serie | Textos medievales ; |
| Designación de volumen o secuencia | 36 |
| 534 ## - NOTA SOBRE LA VERSIÓN ORIGINAL | |
| Frase introductoria | Reimp. facsímil de la edición de: |
| Publicación, distribución, etc. del original | Madrid, Imp. Real, 1786. |
| 650 #4 - PUNTO DE ACCESO ADICIONAL DE MATERIA--TÉRMINO DE MATERIA | |
| Término de materia o nombre geográfico como elemento de entrada | Tratados internacionales- |
| Subdivisión geográfica | Aragón (Reino) |
| 9 (RLIN) | 153330 |
| 700 1# - ENTRADA AGREGADA--NOMBRE PERSONAL | |
| Nombre de persona | Capmany y de Montpalau, Antonio de, |
| Fechas asociadas al nombre | 1742-1813 |
| 9 (RLIN) | 34868 |
| 700 1# - ENTRADA AGREGADA--NOMBRE PERSONAL | |
| Nombre de persona | Hinojosa Montalvo, José. |
| 9 (RLIN) | 63779 |
| 830 0# - PUNTO DE ACCESO ADICIONAL DE SERIE-TÍTULO UNIFORME | |
| Título uniforme | Textos medievales ; |
| Designación de volumen o secuencia | 36 |
| 9 (RLIN) | 179970 |
| 852 ## - LOCALIZACIÓN | |
| Ubicación | ES-MaACL |
| Número de control de estantería | E-15447 |
| Nota libre | . - enc. tela |
| Estatus retirado | Estado de pérdida | Estado de daño | No para préstamo | Biblioteca de origen | Biblioteca actual | Ubicación en estantería | Fecha de adquisición | Fuente de adquisición | Total de préstamos | Signatura topográfica completa | Código de barras | Visto por última vez | Precio de reemplazo | Tipo de ítem Koha |
|---|---|---|---|---|---|---|---|---|---|---|---|---|---|---|
| Biblioteca del Ateneo de Madrid | Biblioteca del Ateneo de Madrid | Depósito 2 | 16/01/2015 | E-15447 | 1193448 | 23/02/2023 | 23/02/2023 | Libro impreso |
